| 000 | 01506cam a2200373 a 4500 | ||
|---|---|---|---|
| 001 | 14851466 | ||
| 003 | NUST | ||
| 005 | 20220807152910.0 | ||
| 008 | 070515s2007 maua b 001 0 eng d | ||
| 010 | _a 2007274796 | ||
| 020 | _a1593375654 | ||
| 020 | _a9781593375652 | ||
| 035 | _a(OCoLC)ocm81253073 | ||
| 038 | _aAzhar | ||
| 040 |
_aBKL _cBKL _dGK8 _dFVC _dBAKER _dDLC |
||
| 042 | _alccopycat | ||
| 050 | 0 | 0 |
_aBF698.9.O3 _bL564 2007 |
| 082 | 0 | 0 |
_a153.94 _bLLE |
| 100 | 1 |
_aLlewellyn, A. Bronwyn _q(Anita Bronwyn) _996666 |
|
| 245 | 1 | 4 |
_aThe everything career tests book : _b10 tests to determine the right occupation for you _cby A. Bronwyn Llewellyn with Robin Holt. |
| 260 |
_aAvon, Mass. : _bAdams Media Corp., _cc2007. |
||
| 300 |
_axii, 209 p. : _bill. ; _c24 cm. |
||
| 440 | 4 |
_aThe everything series _996667 |
|
| 504 | _aIncludes bibliographical references (p. [187]-198) and index. | ||
| 650 | 0 |
_aPersonality and occupation. _996668 |
|
| 650 | 0 |
_aPersonality tests. _996669 |
|
| 650 | 0 |
_aVocational interests _xTesting. _996670 |
|
| 700 | 1 |
_aHolt, Robin. _996671 |
|
| 856 | 4 | 2 |
_3Publisher description _uhttp://www.loc.gov/catdir/enhancements/fy1502/2007274796-d.html |
| 856 | 4 | 2 |
_3Contributor biographical information _uhttp://www.loc.gov/catdir/enhancements/fy1502/2007274796-b.html |
| 906 |
_a7 _bcbc _ccopycat _d2 _encip _f20 _gy-gencatlg |
||
| 942 |
_2ddc _cLC |
||
| 999 |
_c590825 _d590825 |
||